000 00650nam a2200181 a 4500
005 20210223123347.0
008 991125s1969 was 000 0 spa u
035 _aUPN01000052104
049 _aCE
050 4 _aRA457
_bR4.7
111 2 _aReunión Especial de Ministros de Salud de las Américas 1968
_d(1968 :
_cBuenos Aires)
245 1 0 _aReunión especial de ministros de salud de las Américas :
_bdocumentos de trabajo.
260 _aWashington, D.C. :
_bOPS,
_c1969.
300 _a340 p. :
_bil
440 0 _aOrganización Panamericana de la Salud.
_pDocumento oficial ;
_v90
650 4 _aSALUD PUBLICA -
_zAMERICA LATINA
_92142
905 _aLibro
999 _c52104
_d52104